[Event "Online Olym Div3 E 2020"]
[Site "chess.com INT"]
[Date "2020.07.07"]
[Round "1.1"]
[Board "1"]
[White "Ibarra Chami, Luis Fernando"]
[Black "Cu Hor, Winston Darwin"]
[Result "1/2-1/2"]
[WhiteTitle "GM"]
[BlackTitle "FM"]
[WhiteElo "2447"]
[BlackElo "2333"]
[WhiteTeam "Mexico"]
[BlackTeam "Guatemala"]
[WhiteFideId "5105048"]
[BlackFideId "7300662"]
[EventDate "2020.07.07"]
[EventType "team"]

1. c4 c5 2. g3 g6 3. Bg2 Bg7 4. Nc3 Nc6 5. e3 e6 6. Nge2 Nge7 7. O-O O-O 8. d4
cxd4 9. exd4 d5 10. cxd5 Nxd5 11. Qb3 Qb6 12. Nxd5 Qxb3 13. axb3 exd5 14. Bxd5
Bg4 15. f3 Nxd4 16. Nxd4 Bxd4+ 17. Kg2 Be6 18. Bxe6 fxe6 19. Ra4 e5 20. f4 Rac8
21. Kh3 Rc2 22. Rc4 Rc8 23. fxe5 Bxe5 24. Rxc8+ Rxc8 25. Re1 Bf6 26. Rd1 Rc2 27.
Be3 Rxb2 28. Rd3 a6 29. Bh6 b5 30. Rd6 Kf7 31. Rxa6 Rxb3 32. Ra7+ Ke6 33. Rxh7
b4 34. Rb7 Rb1 35. Rb6+ Kf7 36. Rb7+ Ke8 37. Rb6 Bc3 38. Rxg6 b3 39. Rg8+ Kd7
40. Bg7 Bxg7 41. Rxg7+ Kc6 42. Rg8 Kc7 43. Rg4 b2 44. Rb4 Kc6 45. Kg4 Kc5 46.
Rb8 Kc4 47. h4 Kc3 48. Rc8+ Kd3 49. Rd8+ Kc3 50. Rc8+ Kd3 51. Rb8 Kc3 52. Rc8+ 1/2-1/2

[Event "Online Olym Div3 E 2020"]
[Site "chess.com INT"]
[Date "2020.07.07"]
[Round "1.1"]
[Board "2"]
[White "Lorenzana, Wilson Estuardo"]
[Black "Gracia Alvarez, Gerardo An"]
[Result "0-1"]
[WhiteTitle "IM"]
[BlackTitle "FM"]
[WhiteElo "2220"]
[BlackElo "2308"]
[WhiteTeam "Guatemala"]
[BlackTeam "Mexico"]
[WhiteFideId "7300239"]
[BlackFideId "5109124"]
[EventDate "2020.07.07"]
[EventType "team"]

1. e4 c5 2. Nf3 Nc6 3. d4 cxd4 4. Nxd4 g6 5. c4 Bg7 6. Be3 Nf6 7. Nc3 Ng4 8.
Qxg4 Nxd4 9. Qd1 e5 10. Bd3 O-O 11. O-O d6 12. Qd2 Be6 13. f4 exf4 14. Bxf4 Nc6
15. Kh1 Ne5 16. b3 Qa5 17. Rac1 Rfd8 18. Be2 a6 19. h3 Rac8 20. Rfd1 Qb4 21. Nd5
Qxd2 22. Rxd2 Bxd5 23. Rxd5 Bf8 24. Rcd1 Re8 25. c5 Rxc5 26. Rxc5 dxc5 27. Rd5
Nc6 28. Bf3 Nd4 29. Rd7 Nxf3 30. gxf3 b5 31. Rc7 f5 32. e5 g5 33. Bxg5 Rxe5 34.
Rc8 Kf7 35. Rc7+ Kg6 36. f4 Re1+ 37. Kg2 Re2+ 38. Kf3 Rxa2 39. Rc6+ Kf7 40. Rf6+
Ke8 41. Rxf5 Ra3 42. Ke4 Rxb3 43. Rf6 a5 44. Ra6 a4 45. f5 a3 46. Ra7 Rb4+ 47.
Ke5 Ra4 48. Rb7 a2 49. Ke6 Ra6+ 0-1

[Event "Online Olym Div3 E 2020"]
[Site "chess.com INT"]
[Date "2020.07.07"]
[Round "1.1"]
[Board "3"]
[White "Corrales Jimenez, Zenia"]
[Black "Mencos, Claudia"]
[Result "1/2-1/2"]
[WhiteTitle "WIM"]
[BlackTitle "WIM"]
[WhiteElo "2234"]
[BlackElo "1977"]
[WhiteTeam "Mexico"]
[BlackTeam "Guatemala"]
[WhiteFideId "3506355"]
[BlackFideId "7300573"]
[EventDate "2020.07.07"]
[EventType "team"]

1. e4 c5 2. Nf3 e6 3. c3 Nf6 4. e5 Nd5 5. d4 d6 6. c4 Nb4 7. a3 N4c6 8. dxc5
dxc5 9. Qxd8+ Nxd8 10. Nc3 a6 11. Bg5 Nd7 12. Bxd8 Kxd8 13. O-O-O h6 14. Bd3 Kc7
15. Be4 Be7 16. Rd3 Nb6 17. b3 Bd7 18. a4 Rad8 19. a5 Nc8 20. Rhd1 Bc6 21. Rxd8
Rxd8 22. Nd5+ exd5 23. cxd5 Bb5 24. d6+ Nxd6 25. exd6+ Rxd6 26. Rxd6 Bxd6 27.
Bd5 f6 28. h4 Be8 29. Be4 b6 30. Bd3 bxa5 31. Bxa6 Bf7 32. Kc2 Kb6 33. Bd3 Bf4
34. g3 Bc7 35. Nd2 Kc6 36. Nc4 Kd5 37. Nxa5 Bxa5 38. Bc4+ Kd4 39. Bxf7 Be1 40.
g4 Bxf2 41. h5 Ke5 42. Bg6 Kf4 43. Bf5 Kg5 44. Kd3 Bd4 45. b4 Bg1 46. b5 Kf4 47.
Kc4 Ke5 48. b6 Kd6 49. b7 Kc7 50. Be4 Be3 51. Bd5 Bg1 52. Kb5 Kb8 53. Kc6 Be3
54. Kd7 c4 55. Ke7 c3 56. Be4 Bg5 57. Kf7 Kc7 58. Kxg7 Kb8 59. Kg6 c2 60. Bxc2
Kxb7 61. Kf5 Kc7 62. Ke6 Kc6 63. Be4+ Kc5 64. Kf5 Kd4 1/2-1/2

[Event "Online Olym Div3 E 2020"]
[Site "chess.com INT"]
[Date "2020.07.07"]
[Round "1.1"]
[Board "4"]
[White "Mazariegos, Silvia Carolina"]
[Black "Guerrero Rodriguez, Alejandra"]
[Result "1-0"]
[WhiteTitle "WIM"]
[BlackTitle "WIM"]
[WhiteElo "1933"]
[BlackElo "2068"]
[WhiteTeam "Guatemala"]
[BlackTeam "Mexico"]
[WhiteFideId "7300115"]
[BlackFideId "5104297"]
[EventDate "2020.07.07"]
[EventType "team"]

1. d4 Nf6 2. Nc3 g6 3. Bf4 Bg7 4. Qd2 d6 5. f3 Nbd7 6. e4 e5 7. dxe5 dxe5 8. Bh6
Bxh6 9. Qxh6 c6 10. O-O-O Qe7 11. Nh3 Nc5 12. a4 Ne6 13. Bc4 Nd4 14. Ng5 Ne6 15.
Nxe6 Bxe6 16. Bxe6 Qxe6 17. Rd2 Rd8 18. Rxd8+ Kxd8 19. Qe3 b6 20. Qd3+ Ke7 21.
Rd1 Rc8 22. Nb1 Nd7 23. b3 Nc5 24. Qc3 a5 25. Na3 f6 26. Nc4 Nd7 27. Nxb6 Nxb6
28. Qc5+ Kf7 29. Qxb6 Qe7 30. Kb2 c5 31. c4 Qc7 32. Qxc7+ Rxc7 33. Rd6 Ke7 34.
Ra6 Rd7 35. Kc2 f5 36. Rxa5 fxe4 37. fxe4 Rd4 38. Rxc5 Rxe4 39. Rd5 Re2+ 40. Rd2
Re4 41. a5 Rf4 42. Kc3 Rf6 43. b4 Rc6 44. b5 Rc8 45. Kb4 Ke6 46. a6 e4 47. b6 1-0

[Event "Online Olym Div3 E 2020"]
[Site "chess.com INT"]
[Date "2020.07.07"]
[Round "1.1"]
[Board "5"]
[White "Tello Chavez, Isaac Valent"]
[Black "Aragon Trujillo, Ricardo M."]
[Result "1-0"]
[WhiteTitle "FM"]
[BlackTitle "CM"]
[WhiteElo "2275"]
[BlackElo "1875"]
[WhiteTeam "Mexico"]
[BlackTeam "Guatemala"]
[WhiteFideId "5114241"]
[BlackFideId "7303033"]
[EventDate "2020.07.07"]
[EventType "team"]

1. c4 e5 2. Nc3 Nc6 3. g3 g6 4. Bg2 Bg7 5. e4 Nge7 6. Nge2 O-O 7. d3 d6 8. O-O
f5 9. Nd5 Nxd5 10. cxd5 Ne7 11. Be3 c5 12. Qd2 Rf7 13. f4 fxe4 14. dxe4 Bg4 15.
fxe5 Rxf1+ 16. Rxf1 Bxe2 17. Qxe2 Bxe5 18. Bh3 Kh8 19. Bg5 Qe8 20. Bf6+ Bxf6 21.
Rxf6 Rd8 22. Be6 Ng8 23. Rf7 Nh6 24. Rxb7 Rb8 25. Rxb8 Qxb8 26. Qd2 Qb4 27. Qxh6
Qe1+ 28. Kg2 Qe2+ 29. Kh3 Qf1+ 30. Kh4 Qf6+ 31. Qg5 Qxb2 32. Qd8+ Kg7 33. Qe7+
Kh6 34. Qf8+ Qg7 35. Qxg7+ Kxg7 36. Kg4 Kf6 37. Kf4 h5 38. h4 c4 39. Ke3 Ke5 40.
Bf7 1-0

[Event "Online Olym Div3 E 2020"]
[Site "chess.com INT"]
[Date "2020.07.07"]
[Round "1.1"]
[Board "6"]
[White "Santiago Sontay, Jenny Fernanda"]
[Black "Lopez Sanchez, Anastacia Antonia"]
[Result "1-0"]
[BlackTitle "WCM"]
[WhiteElo "1708"]
[BlackElo "1809"]
[WhiteTeam "Guatemala"]
[BlackTeam "Mexico"]
[WhiteFideId "7303084"]
[BlackFideId "5115825"]
[EventDate "2020.07.07"]
[EventType "team"]

1. e4 c5 2. Nf3 Nc6 3. d4 cxd4 4. Nxd4 Nf6 5. Nc3 e5 6. Ndb5 d6 7. Bg5 a6 8. Na3
b5 9. Nd5 Be7 10. Bxf6 Bxf6 11. c3 O-O 12. Nc2 Bg5 13. Be2 Be6 14. a4 Rb8 15.
axb5 axb5 16. O-O Ne7 17. Ncb4 Nxd5 18. Nxd5 Bxd5 19. Qxd5 Qb6 20. Rfd1 Be7 21.
b4 Rfc8 22. Ra3 Qc6 23. Qxc6 Rxc6 24. Rd5 Rbc8 25. Rxb5 Rxc3 26. Rxc3 Rxc3 27.
Rb8+ Bf8 28. g3 g6 29. b5 Kg7 30. b6 Rc2 31. Ba6 d5 32. b7 Bd6 33. Rc8 Rb2 34.
Rc6 Bb8 35. Rc8 Ba7 36. exd5 Rb6 37. Rc6 Rb1+ 38. Kg2 Rb2 39. Rc8 Rxf2+ 40. Kh3
Ra2 41. Ra8 Bb8 42. Rxb8 Rxa6 43. Ra8 1-0

[Event "Online Olym Div3 E 2020"]
[Site "chess.com INT"]
[Date "2020.07.07"]
[Round "1.2"]
[Board "1"]
[White "Jimenez Garcia, Emmanuel"]
[Black "Arias, Lemnys A."]
[Result "1-0"]
[WhiteTitle "FM"]
[BlackTitle "IM"]
[WhiteElo "2397"]
[BlackElo "2303"]
[WhiteTeam "Costa Rica"]
[BlackTeam "El Salvador"]
[WhiteFideId "6504779"]
[BlackFideId "6700284"]
[EventDate "2020.07.07"]
[EventType "team"]

1. b3 g6 2. Bb2 Nf6 3. g3 Bg7 4. Bg2 O-O 5. Nf3 d5 6. c4 c6 7. O-O a5 8. Nc3 Re8
9. cxd5 Nxd5 10. d4 Nxc3 11. Bxc3 a4 12. bxa4 Qb6 13. a5 Qb5 14. a4 Qh5 15. Ne5
Nd7 16. e3 Qxd1 17. Rfxd1 Nxe5 18. dxe5 f6 19. Bf1 fxe5 20. Bc4+ Kf8 21. e4 Bf6
22. Rab1 e6 23. f4 Kf7 24. f5 gxf5 25. exf5 Ra7 26. Rd6 e4 27. fxe6+ Kg7 28.
Bxf6+ Kxf6 29. a6 bxa6 30. Rxc6 Ke5 31. Re1 Kd4 32. Ba2 e3 33. Rd6+ Ke4 34. Rc6
Kd4 35. Rd1+ Ke4 36. Rc4+ Ke5 37. Rc5+ Kf6 38. Rf1+ Kg7 39. Rf7+ Rxf7 40. exf7
Rd8 41. Rg5+ Kh6 42. Rg8 Rd1+ 43. Kg2 1-0

[Event "Online Olym Div3 E 2020"]
[Site "chess.com INT"]
[Date "2020.07.07"]
[Round "1.2"]
[Board "2"]
[White "Arias, Daniel"]
[Black "Minero Pineda, Sergio"]
[Result "0-1"]
[WhiteTitle "FM"]
[BlackTitle "IM"]
[WhiteElo "2285"]
[BlackElo "2365"]
[WhiteTeam "El Salvador"]
[BlackTeam "Costa Rica"]
[WhiteFideId "6700640"]
[BlackFideId "6500374"]
[EventDate "2020.07.07"]
[EventType "team"]

1. e4 e6 2. d4 d5 3. Nd2 c5 4. exd5 Qxd5 5. Ngf3 cxd4 6. Bc4 Qd6 7. O-O Nf6 8.
Nb3 Nc6 9. Nbxd4 Nxd4 10. Nxd4 Qc7 11. Qe2 a6 12. Bb3 Bc5 13. Rd1 O-O 14. Bg5
Bd7 15. c3 Nd5 16. Bxd5 exd5 17. Qf3 Be6 18. Bf4 Qe7 19. Qg3 Qf6 20. Be5 Qg6 21.
Qxg6 hxg6 22. Nxe6 fxe6 23. Bd4 Bxd4 24. Rxd4 Rac8 25. Re1 Rc6 26. f3 Rfc8 27.
Kf2 Kf7 28. Rf4+ Ke7 29. Rb4 R8c7 30. Rd4 Kd6 31. Rg4 Rb6 32. Re2 Re7 33. Rxg6
a5 34. Rg4 Rc6 35. h4 b5 36. h5 Ra6 37. Rg6 Rb6 38. Rd2 Rc6 39. f4 b4 40. cxb4
axb4 41. f5 Rc4 42. fxe6 Rf4+ 43. Kg3 Re4 44. Rg4 Rxg4+ 45. Kxg4 Rxe6 46. Rd4
Kc5 47. Rd2 d4 48. Kf5 Re7 49. g4 Kc4 50. g5 d3 51. h6 gxh6 52. gxh6 Re2 53. Rd1
Rxb2 54. h7 Rh2 55. Kg6 Kc3 56. Kg7 Kc2 57. Rf1 d2 58. h8=Q Rxh8 59. Kxh8 d1=Q
60. Rxd1 Kxd1 0-1

[Event "Online Olym Div3 E 2020"]
[Site "chess.com INT"]
[Date "2020.07.07"]
[Round "1.2"]
[Board "3"]
[White "Hernandez Alvarez, Tania Regla"]
[Black "Ortez, Andrea"]
[Result "1-0"]
[WhiteTitle "WIM"]
[BlackTitle "WIM"]
[WhiteElo "2041"]
[BlackElo "1969"]
[WhiteTeam "Costa Rica"]
[BlackTeam "El Salvador"]
[WhiteFideId "3501442"]
[BlackFideId "6702392"]
[EventDate "2020.07.07"]
[EventType "team"]

1. Nf3 d5 2. b3 Nf6 3. Bb2 e6 4. g3 c5 5. Bg2 Nc6 6. O-O Bd6 7. d4 O-O 8. e3 b6
9. Nbd2 Bb7 10. a3 Rc8 11. c4 Qe7 12. Ne5 Rfd8 13. Qe2 Ba6 14. Nxc6 Rxc6 15.
dxc5 bxc5 16. Qf3 Rcc8 17. Rfc1 d4 18. Ne4 Nxe4 19. Qxe4 e5 20. Re1 Rb8 21. exd4
cxd4 22. Qd3 Bb7 23. b4 Bxg2 24. Kxg2 a5 25. b5 Bc5 26. Qf5 Re8 27. f3 Qf6 28.
Qe4 Rbd8 29. Rad1 h5 30. h4 g6 31. Bc1 Kg7 32. Bg5 Qd6 33. Bxd8 Rxd8 34. Qxe5+
Qxe5 35. Rxe5 Bxa3 36. b6 Bb4 37. Rb5 d3 38. b7 Rb8 39. c5 d2 40. c6 Bd6 41.
Rxd2 Bc7 42. Rd7 1-0

[Event "Online Olym Div3 E 2020"]
[Site "chess.com INT"]
[Date "2020.07.07"]
[Round "1.2"]
[Board "4"]
[White "Herrera, Marjorie"]
[Black "Ramirez Gonzalez, Maria Jose"]
[Result "1-0"]
[WhiteTitle "WCM"]
[BlackTitle "WFM"]
[WhiteElo "1848"]
[BlackElo "1794"]
[WhiteTeam "El Salvador"]
[BlackTeam "Costa Rica"]
[WhiteFideId "6704743"]
[BlackFideId "6503349"]
[EventDate "2020.07.07"]
[EventType "team"]

1. e4 e5 2. Nf3 Nc6 3. Bc4 Nf6 4. d3 Bc5 5. c3 a6 6. Bb3 Ba7 7. Bg5 h6 8. Bh4 g5
9. Bg3 d6 10. Nbd2 Bg4 11. Nc4 Qe7 12. Ne3 Bxe3 13. fxe3 O-O-O 14. Qd2 d5 15.
exd5 Nxd5 16. h3 Bh5 17. O-O-O f5 18. Rde1 Nf6 19. Bh2 Kb8 20. Rhf1 e4 21. Nd4
Nxd4 22. exd4 Bg6 23. Be5 Rhf8 24. dxe4 Nxe4 25. Qe3 Qd7 26. Bc2 Nd6 27. g4 Nc4
28. Qe2 Nxe5 29. Qxe5 Rde8 30. Qc5 Rxe1+ 31. Rxe1 Re8 32. Rxe8+ Qxe8 33. Qe5 Qc6
34. Bxf5 Qh1+ 35. Kd2 Qg2+ 36. Qe2 Qc6 37. Bxg6 Qxg6 38. Qe5 Qf7 39. a3 Qf2+ 40.
Qe2 Qf4+ 41. Qe3 Qh2+ 42. Kd3 Qd6 43. Qe5 Qc6 44. Qe4 Qd6 45. Qe8+ Ka7 46. Qe5
Qg6+ 47. Qe4 Qd6 48. Qe5 Qg6+ 49. Qf5 Qd6 50. Qc5+ Qxc5 51. dxc5 a5 52. Ke4 Ka6
53. Kf5 Kb5 54. Kg6 Kxc5 55. Kxh6 Kc4 56. Kxg5 Kb3 57. h4 Kxb2 58. h5 Kxa3 59.
h6 Kb3 60. h7 a4 61. h8=Q a3 62. Qd4 a2 63. Qb4+ Kc2 64. Qa4+ Kb2 65. Kf5 a1=Q
66. Qxa1+ Kxa1 67. Ke5 Kb2 68. Kd4 b6 69. g5 c5+ 70. Kc4 b5+ 71. Kxc5 Kxc3 72.
g6 b4 73. g7 b3 74. g8=Q b2 75. Qg3+ Kc2 76. Qg6+ Kc1 77. Qg1+ Kc2 78. Qf2+ Kc1
79. Qf4+ Kc2 80. Qc4+ Kb1 81. Kb4 Ka1 82. Qa6+ Kb1 83. Kb3 Kc1 84. Qf1+ Kd2 85.
Kxb2 Ke3 86. Qd1 Kf2 87. Kc3 Kg2 88. Qe1 Kf3 89. Kd3 Kf4 90. Qe2 Kg3 91. Ke4 Kh3
92. Kf4 Kh4 93. Qg4# 1-0

[Event "Online Olym Div3 E 2020"]
[Site "chess.com INT"]
[Date "2020.07.07"]
[Round "1.2"]
[Board "5"]
[White "Quesada Leon, Joshua"]
[Black "Melara, Moises"]
[Result "0-1"]
[BlackTitle "FM"]
[WhiteElo "1839"]
[BlackElo "2110"]
[WhiteTeam "Costa Rica"]
[BlackTeam "El Salvador"]
[WhiteFideId "6513166"]
[BlackFideId "6703917"]
[EventDate "2020.07.07"]
[EventType "team"]

1. e4 c5 2. Nf3 e6 3. d3 d5 4. Nbd2 Nc6 5. g3 g6 6. Bg2 Bg7 7. O-O Nge7 8. Re1
O-O 9. e5 a5 10. a4 Qc7 11. Qe2 b6 12. h4 Ba6 13. c3 Rae8 14. Nf1 d4 15. c4 Bc8
16. Bf4 Qd8 17. N1d2 Nf5 18. Ne4 f6 19. exf6 Bxf6 20. Nxf6+ Qxf6 21. Ne5 Nxe5
22. Bxe5 Qf7 23. Qe4 Re7 24. Qg4 Nh6 25. Qe2 Nf5 26. Be4 Bb7 27. g4 Nxh4 28. Bd6
Bxe4 29. dxe4 Nf3+ 30. Kg2 Nxe1+ 31. Rxe1 e5 32. Bxe7 Qxe7 33. f3 Qe6 34. Rh1
Rf7 35. b3 Qf6 36. Qf2 Qf4 37. Rh3 h6 38. Qh4 Kg7 39. Qf2 Rd7 40. Rg3 d3 41. g5
h5 0-1

[Event "Online Olym Div3 E 2020"]
[Site "chess.com INT"]
[Date "2020.07.07"]
[Round "1.2"]
[Board "6"]
[White "Barahona, Dalila Yamileth"]
[Black "Salazar Gould, Melanie"]
[Result "0-1"]
[BlackTitle "WFM"]
[WhiteElo "1802"]
[BlackElo "1957"]
[WhiteTeam "El Salvador"]
[BlackTeam "Costa Rica"]
[WhiteFideId "6705740"]
[BlackFideId "6505090"]
[EventDate "2020.07.07"]
[EventType "team"]

1. c4 e5 2. g3 Bc5 3. Bg2 Nc6 4. Nc3 d6 5. e3 f5 6. Nge2 Bb6 7. O-O Nf6 8. d3
O-O 9. Rb1 a5 10. a3 Qe8 11. Nd5 Nxd5 12. Bxd5+ Be6 13. Bg2 Rd8 14. Nc3 Ba7 15.
b3 Kh8 16. Re1 Bf7 17. Nb5 Bb8 18. Qc2 d5 19. Bb2 Qd7 20. Rbd1 Rfe8 21. cxd5
Bxd5 22. e4 Be6 23. d4 exd4 24. Nxd4 Nxd4 25. Bxd4 Qf7 26. exf5 Bxb3 27. Qb2
Bxd1 28. Rxd1 c6 29. h4 Be5 30. Bf3 Bxd4 31. Rxd4 Rxd4 32. Qxd4 Qe7 33. Qc3 Qe1+
34. Qxe1 Rxe1+ 0-1

[Event "Online Olym Div3 E 2020"]
[Site "chess.com INT"]
[Date "2020.07.07"]
[Round "1.3"]
[Board "1"]
[White "Guzman, Christopher"]
[Black "Giasi, Viresh"]
[Result "1-0"]
[WhiteTitle "FM"]
[BlackTitle "FM"]
[WhiteElo "2258"]
[BlackElo "2006"]
[WhiteTeam "Dominican Republic"]
[BlackTeam "Suriname"]
[WhiteFideId "6405096"]
[BlackFideId "8200165"]
[EventDate "2020.07.07"]
[EventType "team"]

1. e4 e6 2. d4 g6 3. Nc3 Qf6 4. Nf3 c6 5. Bg5 Qg7 6. e5 Be7 7. Bxe7 Nxe7 8. Ne4
d5 9. Nf6+ Kd8 10. g4 Nd7 11. g5 h6 12. Qd2 hxg5 13. Qxg5 Qh6 14. Qxh6 Rxh6 15.
Ng5 Rh4 16. Nxf7+ Kc7 17. Ne8+ Kb6 18. O-O-O Nf5 19. c3 a5 20. Bd3 c5 21. Bxf5
gxf5 22. Nfd6 cxd4 23. cxd4 Nf8 24. Rd3 a4 25. Nf6 Bd7 26. Kd2 Bb5 27. Nxb5 Kxb5
28. b3 Nh7 29. bxa4+ Rxa4 30. Rb1+ Ka6 31. Nd7 Rxa2+ 32. Kc3 b5 33. Kb3 Rxf2 34.
Ra1+ Kb7 35. Nc5+ Kb8 36. Nxe6 Rhxh2 37. Kb4 Rh6 38. Nc5 Ng5 39. Rg3 Rh5 40.
Rag1 Rb2+ 41. Kc3 Rhh2 42. Rxg5 b4+ 43. Kd3 Rbd2+ 44. Ke3 Rde2+ 45. Kf3 Ref2+
46. Kg3 f4+ 47. Kg4 f3 48. Kf4 Rhg2 49. Nd3 Rd2 50. R5xg2 Rxd3 51. Rf2 Kc7 52.
Rxf3 Rxd4+ 53. Kf5 Re4 54. Rgg3 Kc6 55. Re3 Rh4 56. e6 Rh8 57. e7 Re8 58. Ke6 d4
59. Re5 Rb8 60. Kf7 Kd7 61. Rd5+ Kc6 62. Rxd4 Kc5 63. Rd8 Rb7 64. Kf8 b3 65.
e8=Q b2 66. Rc8+ Kd4 67. Qe3+ Kd5 68. Rc5+ Kd6 69. Rg6+ Kd7 70. Qe7# 1-0

[Event "Online Olym Div3 E 2020"]
[Site "chess.com INT"]
[Date "2020.07.07"]
[Round "1.3"]
[Board "2"]
[White "Hanoeman, Suradj"]
[Black "Araujo Sanchez, Josue"]
[Result "1/2-1/2"]
[WhiteTitle "CM"]
[BlackTitle "IM"]
[WhiteElo "1988"]
[BlackElo "2337"]
[WhiteTeam "Suriname"]
[BlackTeam "Dominican Republic"]
[WhiteFideId "8200173"]
[BlackFideId "6416896"]
[EventDate "2020.07.07"]
[EventType "team"]

1. d4 Nf6 2. Nf3 d5 3. e3 c5 4. Bd3 Nc6 5. b3 cxd4 6. exd4 Bg4 7. Bb2 e6 8. O-O
Bd6 9. h3 Bh5 10. Nbd2 O-O 11. Re1 Nb4 12. Be2 Bg6 13. c3 Nc2 14. Rc1 Nxe1 15.
Qxe1 Rc8 16. Ne5 Bxe5 17. dxe5 Ne4 18. Nf3 Qa5 19. a4 Rc7 20. Nd4 a6 21. f3 Nc5
22. b4 Qb6 23. a5 Qa7 24. bxc5 Qxc5 25. Ra1 Rfc8 26. Kh1 Qe7 27. Qd2 Qh4 28. Qe3
h6 29. Kh2 Qd8 30. Ra3 Rc5 31. Rb3 Qc7 32. Bf1 Rxa5 33. Ba3 Qd7 34. Bd6 Ra1 35.
Be2 Rb1 36. Ra3 Qd8 37. Bd3 Bxd3 38. Qxd3 Rb2 39. Rb3 Rxb3 40. Nxb3 Qb6 41. Nd4
Qb2 42. Ne2 Qb3 43. f4 Qc4 44. Qf3 a5 45. f5 Qe4 46. Qxe4 dxe4 47. fxe6 fxe6 48.
Kg3 Kf7 49. Kf4 Rc4 50. Ke3 b5 51. Kd2 b4 52. cxb4 axb4 53. Nc1 Rd4+ 54. Ke3 Rc4
55. Kd2 Rd4+ 56. Ke3 Rc4 57. Kd2 1/2-1/2

[Event "Online Olym Div3 E 2020"]
[Site "chess.com INT"]
[Date "2020.07.07"]
[Round "1.3"]
[Board "3"]
[White "Castillo Pena, Patricia Evarista"]
[Black "dos Ramos, Rosangela"]
[Result "1-0"]
[WhiteTitle "WCM"]
[BlackTitle "WFM"]
[WhiteElo "1770"]
[BlackElo "1765"]
[WhiteTeam "Dominican Republic"]
[BlackTeam "Suriname"]
[WhiteFideId "6412106"]
[BlackFideId "8200521"]
[EventDate "2020.07.07"]
[EventType "team"]

1. d4 e6 2. Nf3 Ne7 3. e4 d5 4. exd5 Nxd5 5. c4 Nf6 6. Nc3 Bb4 7. Bd3 c5 8. a3
Bxc3+ 9. bxc3 Qa5 10. Bd2 Nc6 11. O-O O-O 12. d5 Qd8 13. Bxh7+ Nxh7 14. dxc6
bxc6 15. Be3 Qa5 16. Qd6 Ba6 17. Qxc5 Qxc5 18. Bxc5 Rfd8 19. Rfd1 Bxc4 20. Ne5
Rxd1+ 21. Rxd1 Bb5 22. c4 Ba4 23. Rd7 f6 24. Ng6 a5 25. h4 Bc2 26. Ne7+ Kh8 27.
Nxc6 Rc8 28. Rd8+ Rxd8 29. Nxd8 e5 30. Bb6 a4 31. c5 Bd3 32. c6 Nf8 33. c7 Ba6
34. Nf7+ Kg8 35. Nd6 Nd7 36. c8=Q+ Bxc8 37. Nxc8 Kf7 38. Be3 Ke6 39. Nb6 Nxb6
40. Bxb6 g6 41. Kf1 f5 42. Ke2 Kd5 43. Kd3 Kc6 44. Bd8 Kd5 45. f3 Kc5 46. Be7+
Kd5 47. Bb4 e4+ 48. fxe4+ fxe4+ 49. Ke3 Ke5 50. g4 Kd5 51. h5 gxh5 52. gxh5 1-0

[Event "Online Olym Div3 E 2020"]
[Site "chess.com INT"]
[Date "2020.07.07"]
[Round "1.3"]
[Board "4"]
[White "Kaslan, Alexandra"]
[Black "Rosario Almanzar, Raydily"]
[Result "0-1"]
[WhiteTitle "WCM"]
[WhiteElo "1435"]
[BlackElo "1774"]
[WhiteTeam "Suriname"]
[BlackTeam "Dominican Republic"]
[WhiteFideId "8201340"]
[BlackFideId "6403573"]
[EventDate "2020.07.07"]
[EventType "team"]

1. d4 d5 2. Nf3 Nf6 3. Bf4 e6 4. e3 Bd6 5. Ne5 O-O 6. Bd3 b6 7. Nd2 c5 8. c3 Ba6
9. Bc2 Qc7 10. Ndf3 Nc6 11. h4 Rac8 12. Rc1 Ne4 13. Ng5 Nxe5 14. dxe5 Bxe5 15.
Bxe4 dxe4 16. Qh5 h6 17. Nxe4 Bxf4 18. Nf6+ gxf6 19. Qg4+ Kh7 20. Qxf4 Qxf4 21.
exf4 Rcd8 22. Rd1 Rxd1+ 23. Kxd1 Rd8+ 24. Kc2 Bd3+ 25. Kc1 Be4 26. f3 Bc6 27.
Kc2 Rg8 28. Rg1 Bxf3 29. g3 e5 30. fxe5 fxe5 31. Kd3 e4+ 32. Ke3 Rd8 33. g4 Rd3+
34. Kf4 Rd1 35. Rxd1 Bxd1 36. Kxe4 Bxg4 37. Kd5 f5 38. Ke5 Kg6 39. Kf4 Kf6 40.
b4 cxb4 41. cxb4 b5 42. a3 a6 43. Ke3 Ke5 44. Kd3 Kf4 45. Kd4 Kg3 46. Kc5 f4 47.
Kb6 f3 48. Kxa6 f2 49. Kxb5 f1=Q+ 50. Ka5 Qa1 51. a4 Bd1 52. Kb6 Qxa4 53. b5 Be2
54. Kc7 Qxb5 55. Kd6 Kf4 56. Ke7 Kf5 0-1

[Event "Online Olym Div3 E 2020"]
[Site "chess.com INT"]
[Date "2020.07.07"]
[Round "1.3"]
[Board "5"]
[White "Mesa Cruz, Juan Carlos"]
[Black "Kalka, Shiva"]
[Result "0-1"]
[WhiteElo "1978"]
[BlackElo "1702"]
[WhiteTeam "Dominican Republic"]
[BlackTeam "Suriname"]
[WhiteFideId "6423400"]
[BlackFideId "8201749"]
[EventDate "2020.07.07"]
[EventType "team"]

1. e4 c5 2. Nf3 e6 3. c3 d5 4. exd5 exd5 5. Bb5+ Bd7 6. Bxd7+ Nxd7 7. O-O Bd6 8.
d4 Ne7 9. dxc5 Nxc5 10. Nbd2 O-O 11. Nb3 Ne4 12. Qd3 Re8 13. Be3 Nf5 14. Rfe1
Qd7 15. Rad1 Nxe3 16. Rxe3 Rad8 17. Nbd4 a6 18. Qe2 Bf4 19. Qd3 Bxe3 20. Qxe3
Qa4 21. Ra1 Rd6 22. Nf5 Rf6 23. N3d4 Qd7 24. Re1 Nd6 25. Ne7+ Kf8 0-1

[Event "Online Olym Div3 E 2020"]
[Site "chess.com INT"]
[Date "2020.07.07"]
[Round "1.3"]
[Board "6"]
[White "Kaslan, Catherine"]
[Black "Ramirez Luzon, Franchesca"]
[Result "1-0"]
[WhiteTitle "WFM"]
[WhiteElo "1872"]
[BlackElo "1771"]
[WhiteTeam "Suriname"]
[BlackTeam "Dominican Republic"]
[WhiteFideId "8201390"]
[BlackFideId "6421792"]
[EventDate "2020.07.07"]
[EventType "team"]

1. e4 c5 2. Nf3 Nc6 3. d4 cxd4 4. Nxd4 Qb6 5. Nb3 Nf6 6. Nc3 e6 7. Be3 Qc7 8.
Qd2 Bb4 9. Bd3 d5 10. exd5 Nxd5 11. O-O O-O 12. Nxd5 exd5 13. c3 Bd6 14. f4 Ne7
15. Nd4 a6 16. Qf2 Re8 17. Rae1 Ng6 18. Bd2 1-0

[Event "Online Olym Div3 E 2020"]
[Site "chess.com INT"]
[Date "2020.07.07"]
[Round "1.4"]
[Board "1"]
[White "Gavarrete, Nahun"]
[Black "Husbands, Orlando"]
[Result "0-1"]
[WhiteTitle "FM"]
[BlackTitle "IM"]
[WhiteElo "2359"]
[BlackElo "2324"]
[WhiteTeam "Honduras"]
[BlackTeam "Barbados"]
[WhiteFideId "8400709"]
[BlackFideId "11101644"]
[EventDate "2020.07.07"]
[EventType "team"]

1. d4 d5 2. c4 c6 3. Nf3 Nf6 4. Qc2 e6 5. Nbd2 Nbd7 6. e4 Nxe4 7. Nxe4 dxe4 8.
Qxe4 Bb4+ 9. Bd2 Qb6 10. O-O-O Nf6 11. Qc2 Bxd2+ 12. Rxd2 c5 13. g4 cxd4 14. g5
Nd7 15. Rxd4 Nc5 16. Bd3 Bd7 17. Rd1 Ba4 18. Qc3 Bxd1 19. Kxd1 Rd8 20. Bc2 Rxd4+
21. Qxd4 O-O 22. Kc1 Rd8 23. Qh4 Nd3+ 24. Bxd3 Rxd3 25. Ne5 Qd4 0-1